书目信息 |
| 题名: |
计算机组成与结构
|
|
| 作者: | 王爱英 主编 | |
| 分册: | ||
| 出版信息: | 北京 清华大学出版社 2013.01 |
|
| 页数: | 329页 | |
| 开本: | 26cm | |
| 丛书名: | 清华大学计算机系列教材 | |
| 单 册: | ||
| 中图分类: | TP303 | |
| 科图分类: | ||
| 主题词: | 计算机体系结构--ji suan ji ti xi jie gou--高等教育--教材 | |
| 电子资源: | ||
| ISBN: | 978-7-302-29011-7 | |
| 000 | 00995nam 2200277 450 | |
| 001 | 0109110227 | |
| 005 | 20201109145021.60 | |
| 010 | @a978-7-302-29011-7@dCNY35.00 | |
| 100 | @a20130219e20202013em y0chiy50 ea | |
| 101 | 0 | @achi |
| 102 | @aCN@b110000 | |
| 105 | @aak a 000yy | |
| 106 | @ar | |
| 200 | 1 | @a计算机组成与结构@Aji suan ji zu cheng yu jie gou@f王爱英主编 |
| 205 | @a5版 | |
| 210 | @a北京@c清华大学出版社@d2013.01@h2020.01 | |
| 215 | @a329页@c图@d26cm | |
| 225 | 2 | @a清华大学计算机系列教材@Aqing hua da xue ji suan ji xi lie jiao cai |
| 330 | @a本书共分12章,第1章至第10章主要论述计算机的基本组成原理和结构,第11章全面讨论了各种类型的计算机,第12章简单介绍了计算机的硬件设计方法。 | |
| 333 | @a北京高等教育精品教材 | |
| 461 | 0 | @12001 @a清华大学计算机系列教材 |
| 606 | 0 | @a计算机体系结构@Aji suan ji ti xi jie gou@x高等教育@j教材 |
| 690 | @aTP303@v5 | |
| 701 | 0 | @a王爱英@Awang ai ying@4主编 |
| 801 | 0 | @aCN@bBJSZM@c20201103 |
| 905 | @b1241187-90@dTP303@e1156=5@f4 | |
| 计算机组成与结构/王爱英主编.-5版.-北京:清华大学出版社,2013.01(2020.01) |
| 329页:图;26cm.-(清华大学计算机系列教材) |
| 使用对象:北京高等教育精品教材 |
| ISBN 978-7-302-29011-7:CNY35.00 |
| 本书共分12章,第1章至第10章主要论述计算机的基本组成原理和结构,第11章全面讨论了各种类型的计算机,第12章简单介绍了计算机的硬件设计方法。 |
| ● |
| 相关链接 |
|
|
|
|
正题名:计算机组成与结构
索取号:TP303/1156=5
 
预约/预借
| 序号 | 登录号 | 条形码 | 馆藏地/架位号 | 状态 | 备注 |
| 1 | 1241187 | 212411870 | 第二样本阅览室/ [索取号:TP303/1156=5] | 在馆 | |
| 2 | 1241188 | 212411889 | 第三借阅区/ [索取号:TP303/1156=5] | 在馆 | |
| 3 | 1241189 | 212411898 | 第三借阅区/ [索取号:TP303/1156=5] | 在馆 | |
| 4 | 1241190 | 212411905 | 第三借阅区/ [索取号:TP303/1156=5] | 在馆 |